00759cam a22002291 4500001001300000003000400013005001700017008004100034010001700075035002000092040002400112042001200136043001200148050002000160110003600180245014400216250001300360260004600373300002700419610006600446999001700512sa 68010520 DLC20260227112552.0840608s1967 ii f000 0 eng  asa 68010520  a(OCoLC)21640323 aDLCcCUdOCoLCdDLC apremarc aa-ii---00aJQ264b.A3 19671 aIndia.bParliament.bLok Sabha.10aRules of procedure and conduct of business in Lok Sabha, as modified upto March, 1967.b5th ed., laid on the table on the 28th March, 1957. a5th ed.  aNew Delhi,bLok Sabha Secretariat,c1967. axxxvii, 233 p.c18 cm.10aIndia.bParliament.bHouse of the PeoplexRules and practice. c83428d83428